| 000 | 02263nam0a2200349 4500 | ||
|---|---|---|---|
| 001 | RU\NLR\BIBL_A\022614094 | ||
| 005 | 20260420052848.0 | ||
| 010 |
_a978-5-6051134-9-2 _9500 |
||
| 021 |
_aRU _bКН-П-25-041708 _9КН-П-25-4062 |
||
| 035 | _a(NLR Aleph) 022614094 | ||
| 090 |
_a13683616 _c13683616 |
||
| 100 | _a20250903d2025 u y0rusy50 ca | ||
| 101 | 0 | _arus | |
| 102 | _aRU | ||
| 105 | _aa j 000yy | ||
| 181 | 0 |
_ai3 _baxxe |
|
| 182 | 0 | _an | |
| 200 | 1 |
_aТрение в инженерном деле _e(учебное пособие для студентов вузов технического и инженерно-технологического профиля) _fВ. П. Тихомиров, М. Г. Шалыгин, П. В. Тихомиров [и др.] _gпод ред. В. П. Тихомирова _gМинистерство науки и высшего образования Российской Федерации, ФГБОУ ВО "Брянский государственный технический университет", ФГБОУ ВО "Брянский государственный инженерно-технологический университет" |
|
| 203 |
_aТекст _bвизуальный _cнепосредственный |
||
| 210 |
_aБрянск _cБГИТУ [и др.] _d2025 |
||
| 215 |
_a320 с. _cил., табл. _d22 |
||
| 300 | _aНа 4-й с. обл. авт.: Тихомиров В. П., д. т. н., проф., Шалыгин М. Г., Тихомиров П. В., д-ра техн. наук [и др.] | ||
| 320 | _aБиблиогр.: с. 316-320 | ||
| 606 | 1 |
_aТрибология _jУчебные издания для высших учебных заведений _91564112 _3RU\NLR\AUTH\66684595 |
|
| 686 | 1 | _aК413я73-1 | |
| 701 | 1 |
_7ca _8rus _aТихомиров _bВ. П. _cд-р техн. наук _f1939- _gВиктор Петрович _988119 _3RU\NLR\AUTH\77105194 |
|
| 701 | 1 |
_aШалыгин _bМ. Г. _gМихаил Геннадьевич |
|
| 701 | 1 |
_7ca _8rus _aТихомиров _bП. В. _cд-р техн. наук _f1978- _gПетр Викторович _9207602 _3RU\NLR\AUTH\770207655 |
|
| 942 | _cBOOK | ||
| 980 | _aNB | ||